Jibanopayogi subhasit niti-Shlok Sangrah (Record no. 106773)
[ view plain ]
| 000 -LEADER | |
|---|---|
| fixed length control field | 00499nam a22001937a 4500 |
| 008 - FIXED-LENGTH DATA ELEMENTS--GENERAL INFORMATION | |
| fixed length control field | 230113b |||||||| |||| 00| 0 eng d |
| 020 ## - INTERNATIONAL STANDARD BOOK NUMBER | |
| International Standard Book Number | 9789937122016 |
| 041 ## - LANGUAGE CODE | |
| Language code of text/sound track or separate title | Nep |
| 082 ## - DEWEY DECIMAL CLASSIFICATION NUMBER | |
| Classification number | 294.54/B669j |
| 100 ## - MAIN ENTRY--PERSONAL NAME | |
| Personal name | Barakoti, T.P. |
| 245 ## - TITLE STATEMENT | |
| Title | Jibanopayogi subhasit niti-Shlok Sangrah |
| 260 ## - PUBLICATION, DISTRIBUTION, ETC. | |
| Place of publication, distribution, etc. | Bhaktapur; |
| Name of publisher, distributor, etc. | New Shaino Arts, |
| Date of publication, distribution, etc. | 2079BS. |
| 300 ## - PHYSICAL DESCRIPTION | |
| Extent | XXVIII;384p |
| 504 ## - BIBLIOGRAPHY, ETC. NOTE | |
| Bibliography, etc. note | Bibliography: P. 382-384 |
| 650 ## - SUBJECT ADDED ENTRY--TOPICAL TERM | |
| Topical term or geographic name entry element | Ethics |
| 650 ## - SUBJECT ADDED ENTRY--TOPICAL TERM | |
| Topical term or geographic name entry element | Hinduism |
| 650 ## - SUBJECT ADDED ENTRY--TOPICAL TERM | |
| Topical term or geographic name entry element | Religion |
| 942 ## - ADDED ENTRY ELEMENTS (KOHA) | |
| Source of classification or shelving scheme | Dewey Decimal Classification |
| Koha item type | General Collections |
| Withdrawn status | Lost status | Source of classification or shelving scheme | Damaged status | Not for loan | Home library | Current library | Shelving location | Date acquired | Total Checkouts | Full call number | Barcode | Date last seen | Date last checked out | Price effective from | Koha item type |
|---|---|---|---|---|---|---|---|---|---|---|---|---|---|---|---|
| Dewey Decimal Classification | Tribhuvan University Central Library | Tribhuvan University Central Library | New Building | 01/13/2023 | 1 | 294.54/B669j | 166541 | 05/31/2023 | 05/30/2023 | 01/13/2023 | General Collections | ||||
| Dewey Decimal Classification | Tribhuvan University Central Library | Tribhuvan University Central Library | New Building | 01/13/2023 | 2 | 294.54/B669j | 166542 | 04/22/2025 | 03/30/2025 | 01/13/2023 | General Collections | ||||
| Dewey Decimal Classification | Tribhuvan University Central Library | Tribhuvan University Central Library | New Building | 01/13/2023 | 294.54/B669j | 166543 | 01/13/2023 | 01/13/2023 | General Collections | ||||||
| Dewey Decimal Classification | Tribhuvan University Central Library | Tribhuvan University Central Library | New Building | 01/13/2023 | 2 | 294.54/B669j | 166544 | 06/16/2024 | 05/15/2024 | 01/13/2023 | General Collections | ||||
| Dewey Decimal Classification | Tribhuvan University Central Library | Tribhuvan University Central Library | New Building | 01/13/2023 | 3 | 294.54/B669j | 166545 | 01/19/2025 | 12/12/2024 | 01/13/2023 | General Collections |
